[Event "Bundesliga 9900"]
[Site "Deutschland"]
[Date "1999.10.09"]
[Round "1.2"]
[White "Nevednichy, Vladislav"]
[Black "Socko, Bartosz"]
[Result "0-1"]
[WhiteElo "2537"]
[BlackElo "2543"]
[PlyCount "68"]
[EventDate "1999.10.09"]
[EventType "team"]
[EventRounds "15"]
[EventCountry "GER"]
[SourceTitle "Bundesliga 9900"]
[Source "DeepChess"]
[SourceDate "2005.01.01"]
[SourceVersion "1"]
[SourceVersionDate "2005.01.01"]
[SourceQuality "1"]
[WhiteTeam "PSV Turm Duisburg 1920 e.V."]
[BlackTeam "Dresdner SC 1898"]
[WhiteTeamCountry "GER"]
[BlackTeamCountry "GER"]

1. e4 e6 2. d3 c5 3. g3 Nc6 4. Bg2 g6 5. Nf3 Bg7 6. O-O Nge7 7. c3 O-O 8. d4 d6
9. Na3 b6 10. Re1 e5 11. dxe5 dxe5 12. Nb5 h6 13. Be3 a6 14. Qxd8 Rxd8 15. Na3
Be6 16. Bf1 f5 17. Nc4 fxe4 18. Nfd2 b5 19. Na3 Nd4 20. cxd4 cxd4 21. Nxe4 dxe3
22. fxe3 Rac8 23. b4 Bf5 24. Nc5 e4 25. Rab1 Rd6 26. Nc2 Nd5 27. Rbd1 Bc3 28.
Re2 Bg4 29. a4 Bxe2 30. Bxe2 Bxb4 31. Nxb4 Rxc5 32. axb5 axb5 33. Rd4 Rc1+ 34.
Bd1 Nxb4 0-1

[Event "Bundesliga 9900"]
[Site "Deutschland"]
[Date "1999.10.09"]
[Round "1.3"]
[White "Boensch, Uwe"]
[Black "Miralles, Gilles"]
[Result "1/2-1/2"]
[WhiteElo "2547"]
[BlackElo "2499"]
[PlyCount "51"]
[EventDate "1999.10.09"]
[EventType "team"]
[EventRounds "15"]
[EventCountry "GER"]
[SourceTitle "Bundesliga 9900"]
[Source "DeepChess"]
[SourceDate "2005.01.01"]
[SourceVersion "1"]
[SourceVersionDate "2005.01.01"]
[SourceQuality "1"]
[WhiteTeam "Dresdner SC 1898"]
[BlackTeam "PSV Turm Duisburg 1920 e.V."]
[WhiteTeamCountry "GER"]
[BlackTeamCountry "GER"]

1. d4 Nf6 2. c4 g6 3. Nc3 Bg7 4. e4 d6 5. Be2 O-O 6. Bg5 Nbd7 7. Qd2 c6 8. Nf3
d5 9. exd5 cxd5 10. O-O Nb6 11. c5 Ne4 12. Nxe4 dxe4 13. cxb6 exf3 14. Bxf3
Qxd4 15. Qxd4 Bxd4 16. Bxe7 Re8 17. Ba3 axb6 18. Rac1 Ra5 19. h3 Bc5 20. Bxc5
bxc5 21. a3 Rb5 22. Rfd1 Rxb2 23. Rxc5 Be6 24. Rd4 Ra8 25. Rc3 Ra5 26. Rdd3
1/2-1/2

[Event "Bundesliga 9900"]
[Site "Deutschland"]
[Date "1999.10.09"]
[Round "1.4"]
[White "Unzicker, Wolfgang"]
[Black "Maiwald, Jens Uwe"]
[Result "1/2-1/2"]
[WhiteElo "2435"]
[BlackElo "2485"]
[PlyCount "37"]
[EventDate "1999.10.09"]
[EventType "team"]
[EventRounds "15"]
[EventCountry "GER"]
[SourceTitle "Bundesliga 9900"]
[Source "DeepChess"]
[SourceDate "2005.01.01"]
[SourceVersion "1"]
[SourceVersionDate "2005.01.01"]
[SourceQuality "1"]
[WhiteTeam "PSV Turm Duisburg 1920 e.V."]
[BlackTeam "Dresdner SC 1898"]
[WhiteTeamCountry "GER"]
[BlackTeamCountry "GER"]

1. d4 d6 2. e4 Nf6 3. Nc3 e5 4. Nf3 Nbd7 5. Bc4 Be7 6. O-O O-O 7. Re1 c6 8. a4
b6 9. Ba2 a6 10. h3 Rb8 11. Be3 b5 12. axb5 axb5 13. b4 Qc7 14. Qd3 Bb7 15.
Rab1 Rbd8 16. Nh4 exd4 17. Bxd4 g6 18. Nf3 Ne5 19. Qe2 1/2-1/2

[Event "Bundesliga 9900"]
[Site "Deutschland"]
[Date "1999.10.09"]
[Round "1.6"]
[White "Thesing, Matthias"]
[Black "Uhlmann, Wolfgang"]
[Result "1/2-1/2"]
[WhiteElo "2444"]
[BlackElo "2461"]
[PlyCount "101"]
[EventDate "1999.10.09"]
[EventType "team"]
[EventRounds "15"]
[EventCountry "GER"]
[SourceTitle "Bundesliga 9900"]
[Source "DeepChess"]
[SourceDate "2005.01.01"]
[SourceVersion "1"]
[SourceVersionDate "2005.01.01"]
[SourceQuality "1"]
[WhiteTeam "PSV Turm Duisburg 1920 e.V."]
[BlackTeam "Dresdner SC 1898"]
[WhiteTeamCountry "GER"]
[BlackTeamCountry "GER"]

1. d4 Nf6 2. Nf3 g6 3. Nc3 d5 4. Bf4 Bg7 5. e3 O-O 6. Be2 c5 7. dxc5 Qa5 8. Nd2
Qxc5 9. Nb3 Qb6 10. Be5 Nbd7 11. Nxd5 Nxd5 12. Bxg7 Nxe3 13. fxe3 Kxg7 14. Qd4+
Nf6 15. Bf3 Qc7 16. Qc5 Qxc5 17. Nxc5 Rb8 18. O-O-O b6 19. Nd3 Bf5 20. Rhe1 Be4
21. Ne5 Rfd8 22. Bxe4 Nxe4 23. Rd4 Rxd4 24. exd4 f5 25. Re3 Rc8 26. a4 Nd6 27.
b3 f4 28. Rf3 g5 29. Kb2 Nf5 30. c3 Nh4 31. Rf2 Ng6 32. Nxg6 Kxg6 33. c4 e5 34.
dxe5 Kf5 35. Kc3 Re8 36. Kd4 g4 37. Re2 Rd8+ 38. Kc3 f3 39. Re1 fxg2 40. Rg1
Kxe5 41. Rxg2 h5 42. b4 Rg8 43. Kd3 h4 44. Ke3 a5 45. bxa5 bxa5 46. Rd2 g3 47.
hxg3 Rxg3+ 48. Kf2 Ke4 49. Rd5 Rc3 50. Kg2 Kf4 51. Rd4+ 1/2-1/2

[Event "Bundesliga 9900"]
[Site "Deutschland"]
[Date "1999.10.09"]
[Round "1.7"]
[White "Heinatz, Thomas"]
[Black "Zude, Arno"]
[Result "1-0"]
[WhiteElo "2349"]
[BlackElo "2372"]
[PlyCount "76"]
[EventDate "1999.10.09"]
[EventType "team"]
[EventRounds "15"]
[EventCountry "GER"]
[SourceTitle "Bundesliga 9900"]
[Source "DeepChess"]
[SourceDate "2005.01.01"]
[SourceVersion "1"]
[SourceVersionDate "2005.01.01"]
[SourceQuality "1"]
[WhiteTeam "Dresdner SC 1898"]
[BlackTeam "PSV Turm Duisburg 1920 e.V."]
[WhiteTeamCountry "GER"]
[BlackTeamCountry "GER"]

1. e4 e5 2. Nf3 Nc6 3. Nc3 Nf6 4. d4 exd4 5. Nd5 Nb4 6. Nxf6+ Qxf6 7. Bc4 Bc5
8. O-O O-O 9. e5 Qf5 10. a3 Nc6 11. b4 Bb6 12. Bd3 Qh5 13. Bf4 d6 14. exd6 cxd6
15. Bxd6 Rd8 16. Bg3 Bg4 17. Be2 Qd5 18. Re1 h6 19. Qd2 Rac8 20. Rad1 Qa2 21.
Qf4 Bh5 22. b5 Na5 23. Bd3 Re8 24. Qf5 Bg6 25. Qd7 Red8 26. Qg4 Bxd3 27. cxd3
Bc5 28. Be5 Bf8 29. Nxd4 Rc5 30. Nf5 g6 31. d4 Rcd5 32. Ne3 Rxb5 33. d5 Qxa3
34. Qh4 g5 35. Qe4 Qb4 36. Qf3 Be7 37. Nf5 Kh7 38. Nd4 Rbxd5 1-0

[Event "Bundesliga 9900"]
[Site "Deutschland"]
[Date "1999.10.09"]
[Round "1.8"]
[White "Berg, Emanuel"]
[Black "Wegener, Dirk"]
[Result "1-0"]
[WhiteElo "2348"]
[BlackElo "2312"]
[PlyCount "84"]
[EventDate "1999.10.09"]
[EventType "team"]
[EventRounds "15"]
[EventCountry "GER"]
[SourceTitle "Bundesliga 9900"]
[Source "DeepChess"]
[SourceDate "2005.01.01"]
[SourceVersion "1"]
[SourceVersionDate "2005.01.01"]
[SourceQuality "1"]
[WhiteTeam "PSV Turm Duisburg 1920 e.V."]
[BlackTeam "Dresdner SC 1898"]
[WhiteTeamCountry "GER"]
[BlackTeamCountry "GER"]

1. e4 e6 2. d4 d5 3. Nc3 Bb4 4. Nge2 dxe4 5. a3 Be7 6. Nxe4 Nf6 7. N2g3 Nc6 8.
c3 Nxe4 9. Nxe4 Qd5 10. Qf3 Bd7 11. Bd3 O-O-O 12. Ng5 Qxf3 13. Nxf3 f6 14. Be3
g5 15. O-O-O Bd6 16. h4 h6 17. Nd2 Rdg8 18. g3 Nd8 19. hxg5 hxg5 20. c4 Nf7 21.
Bh7 Rf8 22. Rh5 f5 23. Nf3 f4 24. gxf4 gxf4 25. Bd2 e5 26. dxe5 Nxe5 27. Nxe5
Bxe5 28. Rdh1 Bd4 29. f3 Be3 30. Be4 Rxh5 31. Rxh5 Bxd2+ 32. Kxd2 c6 33. Kc3
Kc7 34. Kd4 Kd6 35. Rh6+ Be6 36. c5+ Ke7 37. Ke5 Bg8 38. Rd6 Bc4 39. Bf5 Bb3
40. Rd7+ Ke8 41. Rxb7 Bd5 42. Rb8+ Ke7 1-0

[Event "Bundesliga 9900"]
[Site "Deutschland"]
[Date "1999.10.09"]
[Round "1.1"]
[White "Ftacnik, Lubomir"]
[Black "Dautov, Rustem"]
[Result "1/2-1/2"]
[WhiteElo "2589"]
[BlackElo "2597"]
[PlyCount "46"]
[EventDate "1999.10.09"]
[EventType "team"]
[EventRounds "15"]
[EventCountry "GER"]
[SourceTitle "Bundesliga 9900"]
[Source "DeepChess"]
[SourceDate "2005.01.01"]
[SourceVersion "1"]
[SourceVersionDate "2005.01.01"]
[SourceQuality "1"]
[WhiteTeam "Hamburger SK 1830 e.V."]
[BlackTeam "Godesberger SK 1929"]
[WhiteTeamCountry "GER"]
[BlackTeamCountry "GER"]

1. Nf3 Nf6 2. c4 e6 3. Nc3 Bb4 4. g3 O-O 5. Bg2 d5 6. a3 Bxc3 7. dxc3 Nbd7 8.
cxd5 exd5 9. O-O Re8 10. Qc2 Qe7 11. Re1 Nc5 12. Nd4 Nce4 13. b4 c5 14. bxc5
Qxc5 15. Bf4 Bd7 16. Rec1 Rac8 17. Qb2 b5 18. Rab1 a6 19. h3 h6 20. g4 Qe7 21.
Qb4 Qd8 22. Rc2 Rc4 23. Qb2 Qe7 1/2-1/2

[Event "Bundesliga 9900"]
[Site "Deutschland"]
[Date "1999.10.09"]
[Round "1.3"]
[White "Wahls, Matthias"]
[Black "Kengis, Edvins"]
[Result "1/2-1/2"]
[WhiteElo "2582"]
[BlackElo "2573"]
[PlyCount "89"]
[EventDate "1999.10.09"]
[EventType "team"]
[EventRounds "15"]
[EventCountry "GER"]
[SourceTitle "Bundesliga 9900"]
[Source "DeepChess"]
[SourceDate "2005.01.01"]
[SourceVersion "1"]
[SourceVersionDate "2005.01.01"]
[SourceQuality "1"]
[WhiteTeam "Hamburger SK 1830 e.V."]
[BlackTeam "Godesberger SK 1929"]
[WhiteTeamCountry "GER"]
[BlackTeamCountry "GER"]

1. e4 c5 2. Nf3 g6 3. d4 Bg7 4. c4 Qb6 5. dxc5 Qxc5 6. Bd3 d6 7. O-O Bg4 8.
Nbd2 Nd7 9. h3 Be6 10. Qe2 Ngf6 11. Nb3 Qc8 12. Be3 O-O 13. Rac1 b6 14. Bb1 Rb8
15. Nbd2 a5 16. b3 Nc5 17. Nd4 Bd7 18. Nb5 Qb7 19. f3 Nh5 20. Qf2 f5 21. exf5
Bxf5 22. Qh4 Bf6 23. Bg5 Bxg5 24. Qxg5 Bxb1 25. Rxb1 Nf4 26. Rbe1 Rf7 27. Ne4
Ncd3 28. Re3 Rf5 29. Qg3 Rbf8 30. Rd1 Ne5 31. Nd4 Rh5 32. Ne2 Nxe2+ 33. Rxe2
Rhf5 34. Rf2 h6 35. h4 Kh7 36. Rd5 Nc6 37. Rfd2 Nb4 38. R5d4 Nc6 39. R4d3 Nb4
40. Re3 R8f7 41. Nc3 Nc6 42. Rd5 Qd7 43. Qg4 e6 44. Rd1 d5 45. cxd5 1/2-1/2

[Event "Bundesliga 9900"]
[Site "Deutschland"]
[Date "1999.10.09"]
[Round "1.4"]
[White "David, Alberto"]
[Black "Mueller, Karsten"]
[Result "1/2-1/2"]
[WhiteElo "2544"]
[BlackElo "2533"]
[PlyCount "118"]
[EventDate "1999.10.09"]
[EventType "team"]
[EventRounds "15"]
[EventCountry "GER"]
[SourceTitle "Bundesliga 9900"]
[Source "DeepChess"]
[SourceDate "2005.01.01"]
[SourceVersion "1"]
[SourceVersionDate "2005.01.01"]
[SourceQuality "1"]
[WhiteTeam "Godesberger SK 1929"]
[BlackTeam "Hamburger SK 1830 e.V."]
[WhiteTeamCountry "GER"]
[BlackTeamCountry "GER"]

1. e4 d5 2. exd5 Qxd5 3. Nc3 Qa5 4. h3 Bf5 5. b4 Qb6 6. Rb1 e6 7. Nf3 Nf6 8.
Be2 Nbd7 9. O-O c6 10. b5 c5 11. d3 h6 12. Nd2 Be7 13. Nc4 Qc7 14. Rb3 O-O 15.
Bb2 Rad8 16. Qa1 Nb6 17. Ne3 Bg6 18. a4 c4 19. dxc4 Nbd7 20. Ba3 Nc5 21. Rbb1
Nfe4 22. Nxe4 Bxe4 23. Bb2 f6 24. Bc3 Bd6 25. Rbd1 Bh2+ 26. Kh1 Bf4 27. Bd4 b6
28. Qa3 Bd6 29. Qa1 Bf4 30. Qa3 Bd6 31. Qa1 Rd7 32. f3 Bh7 33. a5 bxa5 34. Bc3
Nb7 35. Bd3 Bc5 36. Ng4 Bxd3 37. cxd3 e5 38. d4 exd4 39. Bxd4 Rfd8 40. Bxc5
Nxc5 41. Rd5 Rxd5 42. cxd5 Rxd5 43. Qa2 Qf7 44. Qxa5 h5 45. Ne3 Re5 46. Qc3 Qb3
47. Qc4+ Kf8 48. f4 Qxc4 49. Nxc4 Re4 50. Nd6 Rd4 51. Rc1 Rd5 52. Nc8 Nb3 53.
Rb1 Rxb5 54. Nxa7 Rb7 55. Nc6 Rc7 56. Rxb3 Rxc6 57. Rb5 Rc4 58. Rxh5 Rxf4 59.
Rc5 Rf2 1/2-1/2

[Event "Bundesliga 9900"]
[Site "Deutschland"]
[Date "1999.10.09"]
[Round "1.6"]
[White "Heinbuch, Detlef"]
[Black "Hansen, Sune Berg"]
[Result "0-1"]
[WhiteElo "2394"]
[BlackElo "2558"]
[PlyCount "174"]
[EventDate "1999.10.09"]
[EventType "team"]
[EventRounds "15"]
[EventCountry "GER"]
[SourceTitle "Bundesliga 9900"]
[Source "DeepChess"]
[SourceDate "2005.01.01"]
[SourceVersion "1"]
[SourceVersionDate "2005.01.01"]
[SourceQuality "1"]
[WhiteTeam "Godesberger SK 1929"]
[BlackTeam "Hamburger SK 1830 e.V."]
[WhiteTeamCountry "GER"]
[BlackTeamCountry "GER"]

1. c4 e6 2. Nf3 b6 3. g3 Bb7 4. Bg2 f5 5. O-O Nf6 6. d4 g6 7. Nc3 Bg7 8. d5 O-O
9. dxe6 dxe6 10. Qxd8 Rxd8 11. Bf4 Na6 12. Rad1 Ne4 13. Nxe4 Bxe4 14. b3 Re8
15. Ne1 Bxg2 16. Kxg2 e5 17. Bc1 Rad8 18. Nc2 Bf6 19. f3 Kf7 20. Kf2 Ke6 21.
Ba3 Nb8 22. Ne3 Bg5 23. Nc2 a5 24. e3 Na6 25. Ke2 Bf6 26. Rxd8 Rxd8 27. Rd1
Rxd1 28. Kxd1 Be7 29. Bxe7 Kxe7 30. Kd2 Nc5 31. Ne1 e4 32. Kc3 g5 33. a3 exf3
34. Nxf3 Ne4+ 35. Kd3 c5 36. Ne5 Ke6 37. Nc6 Nf6 38. Nd8+ Ke7 39. Nc6+ Kf7 40.
Ne5+ Ke6 41. Nf3 Ne4 42. a4 Kf6 43. Ke2 Nd6 44. Kd3 Nf7 45. e4 f4 46. gxf4 gxf4
47. Ke2 h6 48. Nh4 Kg5 49. Nf3+ Kf6 50. Nh4 Ne5 51. Nf5 h5 52. h3 Nc6 53. Kd3
Kg5 54. Ng7 Kh4 55. Ke2 Nd4+ 56. Kf2 Kg5 57. h4+ Kxh4 58. e5 Kg4 59. e6 Nc6 60.
Ne8 Kf5 61. Ng7+ Kg6 62. Ne8 h4 63. Nc7 Kf5 64. Nd5 Kxe6 65. Nxf4+ Kf5 66. Nd5
Nd4 67. Nxb6 Ke4 68. Kg2 Nxb3 69. Kh3 Kd4 70. Kxh4 Nd2 71. Kg3 Nxc4 72. Nd7 Nb2
73. Kf2 Nxa4 74. Ke2 Kc3 75. Kd1 c4 76. Kc1 Kb3 77. Ne5 Nc5 78. Nc6 Nd3+ 79.
Kb1 a4 80. Nd4+ Kc3 81. Nb5+ Kb4 82. Nd4 c3 83. Nc6+ Kc4 84. Na5+ Kb5 85. Nb7
Nb4 86. Nd6+ Kc5 87. Nb7+ Kc4 0-1

[Event "Bundesliga 9900"]
[Site "Deutschland"]
[Date "1999.10.09"]
[Round "1.7"]
[White "Wilhelmi, Christian"]
[Black "Jackelen, Thomas"]
[Result "0-1"]
[WhiteElo "2413"]
[BlackElo "2368"]
[PlyCount "60"]
[EventDate "1999.10.09"]
[EventType "team"]
[EventRounds "15"]
[EventCountry "GER"]
[SourceTitle "Bundesliga 9900"]
[Source "DeepChess"]
[SourceDate "2005.01.01"]
[SourceVersion "1"]
[SourceVersionDate "2005.01.01"]
[SourceQuality "1"]
[WhiteTeam "Hamburger SK 1830 e.V."]
[BlackTeam "Godesberger SK 1929"]
[WhiteTeamCountry "GER"]
[BlackTeamCountry "GER"]

1. d4 Nf6 2. c4 e6 3. g3 Bb4+ 4. Bd2 Qe7 5. Bg2 Nc6 6. Nf3 Bxd2+ 7. Nbxd2 d6 8.
O-O O-O 9. e4 e5 10. d5 Nb8 11. Ne1 a5 12. Nd3 Bg4 13. Qe1 Na6 14. f4 Bd7 15.
Qc1 Nb4 16. Qc3 Nxd3 17. Qxd3 Rfe8 18. Rae1 c6 19. b3 Qd8 20. h3 cxd5 21. exd5
Qb6+ 22. Kh2 exf4 23. Rxe8+ Rxe8 24. Rxf4 Re3 25. Qf1 Qd8 26. Qc1 Qe7 27. Rf3
h5 28. Nf1 Re5 29. Qf4 Re4 30. Qg5 Ng4+ 0-1

[Event "Bundesliga 9900"]
[Site "Deutschland"]
[Date "1999.10.09"]
[Round "1.4"]
[White "Seul, Georg"]
[Black "De Firmian, Nick E"]
[Result "0-1"]
[WhiteElo "2445"]
[BlackElo "2598"]
[PlyCount "82"]
[EventDate "1999.10.09"]
[EventType "team"]
[EventRounds "15"]
[EventCountry "GER"]
[SourceTitle "Bundesliga 9900"]
[Source "DeepChess"]
[SourceDate "2005.01.01"]
[SourceVersion "1"]
[SourceVersionDate "2005.01.01"]
[SourceQuality "1"]
[WhiteTeam "SV Castrop Rauxel 1923"]
[BlackTeam "Luebecker SV von 1873 "]
[WhiteTeamCountry "GER"]
[BlackTeamCountry "GER"]

1. e4 c5 2. Nf3 d6 3. Bc4 Nf6 4. d3 Nc6 5. c3 g6 6. O-O Bg7 7. Bb3 O-O 8. Re1
b5 9. Nbd2 Bb7 10. Nf1 Rc8 11. Bg5 h6 12. Bh4 Qb6 13. Qd2 Kh7 14. Ne3 e6 15.
Bc2 Ne5 16. Nxe5 dxe5 17. f3 Nh5 18. a4 a6 19. axb5 axb5 20. Ng4 Qc7 21. Ra7
Ra8 22. Rea1 Rxa7 23. Rxa7 Qb6 24. Ra1 f5 25. Ne3 Bf6 26. Bxf6 Nxf6 27. Kh1 Rf7
28. Qe1 Kg7 29. Nf1 Qc7 30. Nd2 Rd7 31. Qe3 Qd6 32. Nb3 Rc7 33. Ra5 c4 34. dxc4
fxe4 35. c5 Qf8 36. Ra7 exf3 37. c6 fxg2+ 38. Kg1 Ng4 39. Qe2 Qf4 40. Qxg2 Qe3+
41. Kh1 Qe1+ 0-1

[Event "Bundesliga 9900"]
[Site "Deutschland"]
[Date "1999.10.09"]
[Round "1.6"]
[White "Hoffmann, Michael"]
[Black "Hansen, Lars Bo"]
[Result "1/2-1/2"]
[WhiteElo "2439"]
[BlackElo "2564"]
[PlyCount "64"]
[EventDate "1999.10.09"]
[EventType "team"]
[EventRounds "15"]
[EventCountry "GER"]
[SourceTitle "Bundesliga 9900"]
[Source "DeepChess"]
[SourceDate "2005.01.01"]
[SourceVersion "1"]
[SourceVersionDate "2005.01.01"]
[SourceQuality "1"]
[WhiteTeam "SV Castrop Rauxel 1923"]
[BlackTeam "Luebecker SV von 1873 "]
[WhiteTeamCountry "GER"]
[BlackTeamCountry "GER"]

1. e4 e6 2. d4 d5 3. Nd2 dxe4 4. Nxe4 Bd7 5. Nf3 Bc6 6. Bd3 Bxe4 7. Bxe4 c6 8.
O-O Nf6 9. Bd3 Nbd7 10. Qe2 Be7 11. c4 Qc7 12. Bd2 a5 13. Rac1 O-O 14. d5 e5
15. Bc3 Bd6 16. dxc6 bxc6 17. c5 Nxc5 18. Nxe5 Rfe8 19. f4 Nxd3 20. Qxd3 Nd5
21. g3 Nxc3 22. Qxc3 Bxe5 23. fxe5 Re6 24. Rf2 Rae8 25. Qf3 h6 26. Rc5 R8e7 27.
Rfc2 Rxe5 28. Rxe5 Qxe5 29. Qxc6 Qe1+ 30. Kg2 Re2+ 31. Rxe2 Qxe2+ 32. Kg1 Qe1+
1/2-1/2

[Event "Bundesliga 9900"]
[Site "Deutschland"]
[Date "1999.10.09"]
[Round "1.7"]
[White "Hector, Jonny"]
[Black "Watson, William N"]
[Result "1-0"]
[WhiteElo "2505"]
[BlackElo "2535"]
[PlyCount "111"]
[EventDate "1999.10.09"]
[EventType "team"]
[EventRounds "15"]
[EventCountry "GER"]
[SourceTitle "Bundesliga 9900"]
[Source "DeepChess"]
[SourceDate "2005.01.01"]
[SourceVersion "1"]
[SourceVersionDate "2005.01.01"]
[SourceQuality "1"]
[WhiteTeam "Luebecker SV von 1873 "]
[BlackTeam "SV Castrop Rauxel 1923"]
[WhiteTeamCountry "GER"]
[BlackTeamCountry "GER"]

1. e4 c5 2. Nf3 d6 3. d4 cxd4 4. Nxd4 Nf6 5. Nc3 g6 6. Be3 Bg7 7. f3 O-O 8. Bc4
Nc6 9. Qe2 Na5 10. Bd3 Bd7 11. O-O Rc8 12. Rfd1 a6 13. Nb3 Qc7 14. Qf2 Nc4 15.
Bxc4 Qxc4 16. Bb6 Bc6 17. a4 Nd7 18. Bd4 Ne5 19. Qh4 Bf6 20. Qg3 b5 21. axb5
axb5 22. Na5 Qe6 23. f4 Nd7 24. f5 Bxd4+ 25. Rxd4 Qe5 26. Nxc6 Rxc6 27. Qxe5
Nxe5 28. Ra5 Rc4 29. Rxc4 bxc4 30. Kf2 e6 31. Nb5 d5 32. exd5 gxf5 33. dxe6
fxe6 34. Nd4 Ng4+ 35. Kg3 Kf7 36. Ra7+ Kf6 37. h3 Ne3 38. Kf3 Nd5 39. Rxh7 e5
40. Rh6+ Kg5 41. Rd6 Nc7 42. Rd7 exd4 43. Rxc7 Rb8 44. Rxc4 Rxb2 45. g3 Ra2 46.
h4+ Kg6 47. Kf4 Ra3 48. Rc6+ Kh5 49. Rf6 Rc3 50. Rxf5+ Kh6 51. Rf6+ Kg7 52. Rd6
Rc4 53. Ke5 Rc3 54. Rxd4 Rxg3 55. c4 Rc3 56. Rf4 1-0

[Event "Bundesliga 9900"]
[Site "Deutschland"]
[Date "1999.10.09"]
[Round "1.8"]
[White "Brendel, Oliver"]
[Black "Sieg, Ulrich"]
[Result "0-1"]
[WhiteElo "2413"]
[BlackElo "2304"]
[PlyCount "120"]
[EventDate "1999.10.09"]
[EventType "team"]
[EventRounds "15"]
[EventCountry "GER"]
[SourceTitle "Bundesliga 9900"]
[Source "DeepChess"]
[SourceDate "2005.01.01"]
[SourceVersion "1"]
[SourceVersionDate "2005.01.01"]
[SourceQuality "1"]
[WhiteTeam "SV Castrop Rauxel 1923"]
[BlackTeam "Luebecker SV von 1873 "]
[WhiteTeamCountry "GER"]
[BlackTeamCountry "GER"]

1. e4 d6 2. d4 Nf6 3. Nc3 g6 4. f4 Bg7 5. Nf3 c5 6. Bb5+ Bd7 7. e5 Ng4 8. Bxd7+
Qxd7 9. d5 dxe5 10. h3 e4 11. Nxe4 Nf6 12. Nxf6+ Bxf6 13. O-O O-O 14. Be3 Qc7
15. Ne5 Nd7 16. Nxd7 Qxd7 17. Bxc5 Bxb2 18. Rb1 Bf6 19. Bd4 Bxd4+ 20. Qxd4 e6
21. c4 Rfd8 22. Rfd1 b6 23. Qf6 Qa4 24. Rd4 exd5 25. f5 Qd7 26. Rxd5 Qc7 27.
Rbd1 Rxd5 28. cxd5 Rd8 29. fxg6 hxg6 30. d6 Qc8 31. Rd4 Re8 32. Kh2 Re6 33. Qg5
Qd7 34. Qh6 Rf6 35. a3 Qc6 36. Qd2 Qd7 37. Rd5 Re6 38. Qd4 Kh7 39. Qf4 Kg7 40.
Qd4+ Kh7 41. Qf4 Kg8 42. Rd3 Kh7 43. h4 Kg8 44. Qg4 Qb5 45. Qd4 Qd7 46. Rd2 Kh7
47. Qg4 Kh8 48. Rd5 Kh7 49. h5 Qc6 50. Qd4 Qd7 51. hxg6+ Rxg6 52. Rh5+ Rh6 53.
Qe4+ Kg7 54. Rxh6 Kxh6 55. Qe7 Qf5 56. d7 Qf4+ 57. Kh3 Qf5+ 58. Kg3 Qg6+ 59.
Kf4 f6 60. d8=Q Qg5+ 0-1

[Event "Bundesliga 9900"]
[Site "Deutschland"]
[Date "1999.10.09"]
[Round "1.2"]
[White "Babula, Vlastimil"]
[Black "Bunzmann, Dimitrij"]
[Result "1/2-1/2"]
[WhiteElo "2567"]
[BlackElo "2596"]
[PlyCount "49"]
[EventDate "1999.10.09"]
[EventType "team"]
[EventRounds "15"]
[EventCountry "GER"]
[SourceTitle "Bundesliga 9900"]
[Source "DeepChess"]
[SourceDate "2005.01.01"]
[SourceVersion "1"]
[SourceVersionDate "2005.01.01"]
[SourceQuality "1"]
[WhiteTeam "SAbt SV Werder Bremen"]
[BlackTeam "SF Neukoelln 03 e.V."]
[WhiteTeamCountry "GER"]
[BlackTeamCountry "GER"]

1. d4 e6 2. c4 b6 3. a3 Bb7 4. d5 f5 5. g3 c6 6. Bg2 cxd5 7. cxd5 Nf6 8. Nc3
Bd6 9. Nb5 Be7 10. Bf4 Na6 11. Nc3 O-O 12. Nh3 d6 13. O-O e5 14. Bd2 Nc7 15. b4
Kh8 16. Qb3 h6 17. Rad1 Qe8 18. Bc1 Qf7 19. Kh1 Rae8 20. Rd2 Bd8 21. Rfd1 Ng4
22. Nb1 Nf6 23. Nc3 Ng4 24. Rc2 Nf6 25. Rcd2 1/2-1/2

[Event "Bundesliga 9900"]
[Site "Deutschland"]
[Date "1999.10.09"]
[Round "1.4"]
[White "Pelletier, Yannick"]
[Black "Berndt, Stephan"]
[Result "1/2-1/2"]
[WhiteElo "2479"]
[BlackElo "2500"]
[PlyCount "78"]
[EventDate "1999.10.09"]
[EventType "team"]
[EventRounds "15"]
[EventCountry "GER"]
[SourceTitle "Bundesliga 9900"]
[Source "DeepChess"]
[SourceDate "2005.01.01"]
[SourceVersion "1"]
[SourceVersionDate "2005.01.01"]
[SourceQuality "1"]
[WhiteTeam "SAbt SV Werder Bremen"]
[BlackTeam "SF Neukoelln 03 e.V."]
[WhiteTeamCountry "GER"]
[BlackTeamCountry "GER"]

1. e4 c5 2. Nf3 d6 3. d4 cxd4 4. Nxd4 Nf6 5. Nc3 g6 6. Be3 Bg7 7. f3 Nc6 8. Qd2
O-O 9. O-O-O d5 10. exd5 Nxd5 11. Nxc6 bxc6 12. Bd4 Nxc3 13. Qxc3 Bh6+ 14. Be3
Bxe3+ 15. Qxe3 Qb6 16. Qxe7 Be6 17. Qa3 Rad8 18. Bd3 Rd5 19. Qc3 Rc5 20. Qf6
Bxa2 21. Rhe1 Bd5 22. h4 Ra5 23. b3 c5 24. Qc3 Qb4 25. Qxb4 cxb4 26. Kb2 Rc5
27. Rd2 Be6 28. Ba6 Rb8 29. Rd4 Rb6 30. Ra1 Rbc6 31. Bd3 a5 32. Rd8+ Kg7 33.
Ra8 Bf5 34. R8xa5 Rxc2+ 35. Bxc2 Rxc2+ 36. Kb1 Rc3+ 37. Kb2 Rc2+ 38. Kb1 Rc3+
39. Kb2 Rc2+ 1/2-1/2

[Event "Bundesliga 9900"]
[Site "Deutschland"]
[Date "1999.10.09"]
[Round "1.5"]
[White "Poldauf, Dirk"]
[Black "Knaak, Rainer"]
[Result "1/2-1/2"]
[WhiteElo "2453"]
[BlackElo "2505"]
[PlyCount "61"]
[EventDate "1999.10.09"]
[EventType "team"]
[EventRounds "15"]
[EventCountry "GER"]
[SourceTitle "Bundesliga 9900"]
[Source "DeepChess"]
[SourceDate "2005.01.01"]
[SourceVersion "1"]
[SourceVersionDate "2005.01.01"]
[SourceQuality "1"]
[WhiteTeam "SF Neukoelln 03 e.V."]
[BlackTeam "SAbt SV Werder Bremen"]
[WhiteTeamCountry "GER"]
[BlackTeamCountry "GER"]

1. c4 e6 2. g3 d5 3. Bg2 c6 4. Qc2 c5 5. cxd5 exd5 6. b4 c4 7. Bb2 Nf6 8. a3
Be7 9. Nf3 Nc6 10. O-O Bg4 11. d3 cxd3 12. Qxd3 O-O 13. Nbd2 Re8 14. Nb3 a6 15.
Rac1 Ne4 16. Nbd4 Bf6 17. Nxc6 bxc6 18. Bxf6 Qxf6 19. Nd4 Bd7 20. Nb3 Ng5 21.
Rfe1 h5 22. h4 Nh3+ 23. Bxh3 Bxh3 24. Qd2 Re5 25. Nd4 Bd7 26. Nf3 Ree8 27. Rc5
Re4 28. Ng5 Re7 29. Nf3 Re4 30. Ng5 Re7 31. Nf3 1/2-1/2